000 00897nam a2200313Ia 4500
001 Z_1278
003 CHAP
008 220113s1990 xx 000 0 und d
010 _a164366
040 _cCHAP
082 _a581.24 A5
100 _aAlscher, Ruth G
_94648
245 _aStress responses in plants : adaptation and acclimation mehcanisms /
_ced. by Ruth G. Alscher and Jonathan R. Cumming
260 _aNew York :
_bWiley,
_c1990
300 _a407 p. ; gráfs
440 _aPlant biology vol. 12
_988757
500 _a
503 _a162790
650 _aAclimatación vegetal I. Cumming, Jonathan R. II.t.
_9138520
650 _aadaptación vegetal
_9880
650 _aPlantas
_xEfecto del medio ambiente
_988821
650 _aTensión
_xEfecto en plantas
_9112283
901 _a581.24 A5
902 _aA
910 _a1990
942 _c1
942 _cc1
999 _c164366
_d164366